000 01170cam a22003857a 4500
003 CHAP
005 20220817043504.0
008 981030d1997 it r 00110 fre d
010 _a76530
011 _a77502
020 _a9252038078
035 _a87109
040 _cCHAP
082 0 4 _a630.83
_bF44f v.8
110 2 _aFAO
245 1 0 _aSystème de comptes économiques des secteurs alimentaire et agricole
_c/par FAO
260 _aRome :
_bFAO,
_c1997.
300 _a142 p.
410 2 _aFAO
490 0 _aFAO. Desarrollo estadístico
_v; 8
590 _aBATCH-UPD
_b10
_c20130110
_lUCH01
_h1551
590 _aBATCH-UPD
_b10
_c20130410
_lUCH01
_h0949
590 _aBATCH-UPD
_b10
_c20130914
_lUCH01
_h0908
590 _aCONVERSION
_b10
_c20130109
_lUCH01
_h1342
650 1 4 _aAgricultura
_xAspectos económicos.
650 1 4 _aAgricultura
_xContabilidad.
_91378
650 1 4 _aCensos.
_920990
650 1 4 _aPolítica agrícola.
_990283
810 0 _aFAO
830 0 _aFAO. Desarrollo estadístico
_v; 8
901 _aBK
905 _aLilia Sánchez G.
942 _cLIBRO
949 _a630.83 F44f v.8
_bBC
_cFAO
_d33724000709309
_eFAO1
_h94485
_i87109
_kDonaciØn
_sb
999 _c76530
_d76530